| 000 | 00450nam a2200157Ia 4500 | ||
|---|---|---|---|
| 999 |
_c2002 _d2002 |
||
| 020 | _a89-86763-01-X | ||
| 082 | _a341.48109513 INT; | ||
| 245 | 0 | _aInternational community and human rights in North Korea | |
| 260 |
_aSeoul _bInstitute of Unification Policy _c1996 |
||
| 300 | _a310p. | ||
| 650 | _aHuman rights - Korea (North) | ||
| 650 | _aLiberty - Korea (North) | ||
| 650 | _aDemocracy - Korea (North) | ||
| 700 | _aChoi, Sung-Chul | ||
| 942 | _cBK | ||